Vista normal Vista MARC

Entrada Topical Term

Número de registros utilizados en: 1

001 - CONTROL NUMBER

  • control field: 66862

003 - CONTROL NUMBER IDENTIFIER

  • control field: OSt

005 - DATE AND TIME OF LATEST TRANSACTION

  • control field: 20251107193910.0

008 - FIXED-LENGTH DATA ELEMENTS

  • fixed length control field: 251107|| aca||aabn | a|a d

040 ## - CATALOGING SOURCE

  • Original cataloging agency: OSt
  • Transcribing agency: OSt

150 ## - HEADING--TOPICAL TERM

  • Topical term or geographic name entry element: Arboles frutales
  • Form subdivision: Manuales, vademécum, etc

670 ## - SOURCE DATA FOUND

  • Source citation: Work cat.: (OSt)59840: Almanza-Merchán, Pedro José aut 66861, Manual para el cultivo de frutales en el trópico /









Instituto Departamental de Cultura del Meta - Red Departamental de Bibliotecas Públicas del Meta.